Serie A 24/25 - Statystyki

Ogólne statystyki
  • Ten quiz został rozwiązany 237 razy
  • Średni wynik to 15 z 20
Statystyki odpowiedzi
Klub % Poprawnych
3 Inter
99%
6 Juventus
96%
2 Napoli
96%
8 Milan
95%
12 Roma
92%
1 Atalanta
82%
5 Lazio
82%
4 Fiorentina
78%
7 Bologna
76%
11 Torino
71%
16 Como
69%
15 Parma
67%
19 Monza
66%
9 Udinese
66%
13 Genoa
63%
20 Venezia
63%
18 Cagliari
56%
10 Empoli
54%
14 Lecce
54%
17 Hellas Werona
36%
Nie znaleziono quizów pasujących do podanych kryteriów
Rozkład punktacji
Procent ludzi z każdym wynikiem
Percentyl według liczby udzielonych odpowiedzi
Twoja historia wyników
Nie rozwiązałeś tego quizu